African water resource database: Gis-based tools for inland aquatic resource management

Enregistré dans:
Détails bibliographiques
Auteur principal: Jenness, Jeff .. [et al.]
Collectivité auteur: FAO
Format: Livre
Langue:Undetermined
Publié: Rome, Italy FAO 2007
Sujets:
Tags: Ajouter un tag
Pas de tags, Soyez le premier à ajouter un tag!
Thư viện lưu trữ: Trung tâm Học liệu Trường Đại học Cần Thơ
LEADER 00591nam a2200205Ia 4500
001 CTU_130281
008 210402s9999 xx 000 0 und d
082 |a 333.95 
082 |b F686/P.1 
100 |a Jenness, Jeff .. [et al.] 
110 |a FAO 
245 0 |a African water resource database: 
245 0 |b Gis-based tools for inland aquatic resource management 
245 0 |c Jeff Jenness ... [et al.]; FAO 
260 |a Rome, Italy 
260 |b FAO 
260 |c 2007 
650 |a Fishery resource 
650 |x Management 
980 |a Trung tâm Học liệu Trường Đại học Cần Thơ